000 00730nam a2200253Ia 4500
003 OSt
005 20220928123336.0
006 a|||||r|||| 00| 0
007 ta
008 220927b |||||||| |||| 00| 0 eng d
020 _c2534.7399999999998
024 _a124988
037 _b097, 02/09/2014, Classic Book Service
_cTextual
040 _aSDCL
_cSDCL
_beng
041 _2eng
_aeng
082 _aJ3v, Q4
100 _aAlbala Ken Ed.
_9461110
245 0 _aFood history reader
_bPrimary Sources
260 _aLondon
_bBloomsbury
_c2014
300 _axix;514p.
_ccm.
650 _aHistory
942 _hJ3v, Q4
_cTEXL
_2CC
999 _c774186
_d774186